[Event "ESP-chT Div I 2018"]
[Site "Linares"]
[Date "2018.08.06"]
[Round "1"]
[White "Martin Fuentes, Alberto"]
[Black "Plazuelo Pascual, Juan"]
[Result "1-0"]
[WhiteElo "2391"]
[BlackElo "2429"]
[Annotator "NA"]
[PlyCount "119"]
[EventDate "2018.08.06"]
[EventType "team-tourn"]
[EventCountry "ESP"]
[SourceTitle "playchess.com"]
[Source "ChessBase"]
[SourceQuality "1"]
[TimeControl "40/5400+30:1800+30"]

1. e4 {[%emt 0:00:00]} e6 {[%emt 0:00:00]} 2. d4 {[%emt 0:00:00]} d5 {[%emt 0:00:00]} 3. Nd2 {[%emt 0:00:00]} Be7 {[%emt 0:00:05]} 4. e5 {[%emt 0:00:00]} c5 {[%emt 0:00:33]} 5. c3 {[%emt 0:00:00]} cxd4 {[%emt 0:01:12]} 6. cxd4 {[%emt 0:00:00]} Qb6 {[%emt 0:00:17]} 7. Ndf3 {[%emt 0:00:33]} Bb4+ {[%emt 0:00:56]} 8. Bd2 {[%emt 0:00:39]} Nc6 {[%emt 0:00:33]} 9. Bxb4 {[%emt 0:09:25]} Qxb4+ {[%emt 0:00:09]} 10. Qd2 {[%emt 0:00:05]} Nge7 {[%emt 0:06:06]} 11. Bd3 {[%emt 0:01:56]} O-O {[%emt 0:04:25]} 12. Ne2 {[%emt 0:02:14]} Qxd2+ {[%emt 0:11:45]} 13. Nxd2 {[%emt 0:10:33]} f6 {[%emt 0:01:04]} 14. f4 {[%emt 0:01:39]} Bd7 {[%emt 0:03:59]} 15. a3 {[%emt 0:04:43]} a5 {[%emt 0:07:33]} 16. Rc1 {[%emt 0:06:22]} Be8 {[%emt 0:02:36]} 17. Nb3 {[%emt 0:02:31]} Bh5 {[%emt 0:17:51]} 18. a4 {[%emt 0:09:09]} fxe5 {[%emt 0:08:22]} 19. fxe5 {[%emt 0:01:50]} Rac8 {[%emt 0:11:59]} 20. Rc3 {[%emt 0:09:28]} Bg4 {[%emt 0:06:47]} 21. Ng3 {[%emt 0:11:58]} Ra8 {[%emt 0:03:27]} 22. h3 {[%emt 0:02:50]} Bf5 {[%emt 0:00:16]} 23. Bb5 {[%emt 0:00:25]} Bg6 {[%emt 0:01:41]} 24. Ne2 {[%emt 0:02:20]} Bf5 {[%emt 0:04:42]} 25. Nc5 {[%emt 0:03:57]} Nd8 {[%emt 0:01:58]} 26. O-O {[%emt 0:02:15]} Ng6 {[%emt 0:01:58]} 27. Nd7 {[%emt 0:02:12]} Rf7 {[%emt 0:00:08]} 28. Nb6 {[%emt 0:00:23]} Rb8 {[%emt 0:00:30]} 29. Nc8 {[%emt 0:00:47]} Be4 {[%emt 0:00:35]} 30. Rfc1 {[%emt 0:00:43]} Nh4 {[%emt 0:01:55]} 31. Nd6 {[%emt 0:01:29]} Rf8 {[%emt 0:00:01]} 32. Nxe4 {[%emt 0:01:06]} dxe4 {[%emt 0:00:02]} 33. Re3 {[%emt 0:00:10]} Nf5 {[%emt 0:00:28]} 34. Rxe4 {[%emt 0:00:15]} Nc6 {[%emt 0:00:01]} 35. Bc4 {[%emt 0:03:50]} Nd8 {[%emt 0:00:12]} 36. Rf1 {[%emt 0:00:46]} Ne7 {[%emt 0:01:40]} 37. Nf4 {[%emt 0:00:46]} Rc8 {[%emt 0:00:11]} 38. b3 {[%emt 0:02:03]} Rc6 {[%emt 0:00:49]} 39. Rf3 {[%emt 0:02:20]} Rb6 {[%emt 0:01:04]} 40. Rf2 {[%emt 0:01:50]} g6 {[%emt 0:00:42]} 41. g4 {[%emt 0:30:47]} Kg7 {[%emt 0:30:10]} 42. Re1 {[%emt 0:00:23]} Nec6 {[%emt 0:00:49]} 43. d5 {[%emt 0:00:38]} Nd4 {[%emt 0:00:40]} 44. dxe6 {[%emt 0:02:13]} N8xe6 {[%emt 0:00:37]} 45. Nxe6+ {[%emt 0:00:39]} Nxe6 {[%emt 0:00:02]} 46. Rd1 {[%emt 0:00:50]} Nc5 {[%emt 0:00:26]} 47. Rd5 {[%emt 0:01:35]} Rxf2 {[%emt 0:01:30]} 48. Kxf2 {[%emt 0:00:04]} Nxb3 {[%emt 0:00:03]} 49. Rd7+ {[%emt 0:00:04]} Kf8 {[%emt 0:00:08]} 50. e6 {[%emt 0:00:24]} Ke8 {[%emt 0:01:21]} 51. Bb5 {[%emt 0:01:57]} Nc5 {[%emt 0:00:39]} 52. Rxb7+ {[%emt 0:00:32]} Rxb5 {[%emt 0:00:25]} 53. Rxb5 {[%emt 0:00:04]} Nxa4 {[%emt 0:00:24]} 54. Ke3 {[%emt 0:00:47]} Ke7 {[%emt 0:00:26]} 55. Rxa5 {[%emt 0:00:23]} Nb6 {[%emt 0:00:31]} 56. Ra7+ {[%emt 0:00:15]} Kf6 {[%emt 0:00:31]} 57. g5+ {[%emt 0:00:21]} Kxg5 {[%emt 0:00:26]} 58. e7 {[%emt 0:00:18]} Nc4+ {[%emt 0:00:04]} 59. Kf2 {[%emt 0:00:17]} Nd6 {[%emt 0:00:50]} 60. Ra8 {[%emt 0:00:10]} 1-0

[Event "ESP-chT Div I 2018"]
[Site "Linares"]
[Date "2018.08.06"]
[Round "1"]
[White "Shvayger, Yuliya"]
[Black "Gonzalez Guedes, Iyan"]
[Result "1-0"]
[WhiteElo "2390"]
[BlackElo "1925"]
[Annotator "NA"]
[PlyCount "103"]
[EventDate "2018.08.06"]
[EventType "team-tourn"]
[EventCountry "ESP"]
[SourceTitle "playchess.com"]
[Source "ChessBase"]
[SourceQuality "1"]
[TimeControl "40/5400+30:1800+30"]

1. e4 {[%emt 0:00:00]} c5 {[%emt 0:00:00]} 2. Nf3 {[%emt 0:00:00]} d6 {[%emt 0:00:00]} 3. d4 {[%emt 0:00:55]} cxd4 {[%emt 0:00:00]} 4. Nxd4 {[%emt 0:00:04]} Nf6 {[%emt 0:00:00]} 5. f3 {[%emt 0:02:29]} e5 {[%emt 0:03:51]} 6. Nb3 {[%emt 0:00:33]} d5 {[%emt 0:02:51]} 7. Bg5 {[%emt 0:00:27]} Be6 {[%emt 0:05:42]} 8. Bxf6 {[%emt 0:03:40]} gxf6 {[%emt 0:00:17]} 9. exd5 {[%emt 0:00:06]} Qxd5 {[%emt 0:02:20]} 10. Qxd5 {[%emt 0:01:10]} Bxd5 {[%emt 0:00:08]} 11. Nc3 {[%emt 0:00:06]} Bxb3 {[%emt 0:04:01]} 12. Bb5+ {[%emt 0:16:58]} Nd7 {[%emt 0:06:48]} 13. axb3 {[%emt 0:00:14]} Bb4 {[%emt 0:00:56]} 14. O-O-O {[%emt 0:02:32]} O-O-O {[%emt 0:03:15]} 15. Nd5 {[%emt 0:00:51]} Bc5 {[%emt 0:03:34]} 16. Bxd7+ {[%emt 0:02:18]} Kxd7 {[%emt 0:01:36]} 17. Nxf6+ {[%emt 0:05:39]} Ke6 {[%emt 0:00:31]} 18. Ne4 {[%emt 0:01:42]} Be3+ {[%emt 0:01:10]} 19. Kb1 {[%emt 0:00:02]} f5 {[%emt 0:02:41]} 20. Nc3 {[%emt 0:00:59]} Rxd1+ {[%emt 0:11:28]} 21. Rxd1 {[%emt 0:00:57]} Rg8 {[%emt 0:01:34]} 22. g3 {[%emt 0:01:48]} h5 {[%emt 0:02:34]} 23. Nb5 {[%emt 0:09:17]} f4 {[%emt 0:10:59]} 24. Nc7+ {[%emt 0:05:19]} Kf5 {[%emt 0:01:21]} 25. Nd5 {[%emt 0:00:40]} Rg7 {[%emt 0:01:20]} 26. c3 {[%emt 0:05:10]} Bf2 {[%emt 0:06:22]} 27. gxf4 {[%emt 0:06:12]} exf4 {[%emt 0:00:31]} 28. Nb4 {[%emt 0:03:14]} Rg1 {[%emt 0:04:32]} 29. Kc2 {[%emt 0:01:01]} Rg2 {[%emt 0:04:40]} 30. Rd5+ {[%emt 0:01:12]} Kg6 {[%emt 0:00:47]} 31. Kd3 {[%emt 0:01:35]} Rxh2 {[%emt 0:02:22]} 32. Ke4 {[%emt 0:06:07]} Be3 {[%emt 0:01:22]} 33. Nd3 {[%emt 0:00:57]} h4 {[%emt 0:02:58]} 34. Ne5+ {[%emt 0:05:21]} Kg7 {[%emt 0:01:35]} 35. Rd7+ {[%emt 0:00:05]} Kf6 {[%emt 0:01:26]} 36. Rf7+ {[%emt 0:07:39]} Ke6 {[%emt 0:00:07]} 37. Rxb7 {[%emt 0:00:05]} Rxb2 {[%emt 0:01:18]} 38. Nd3 {[%emt 0:02:01]} Rc2 {[%emt 0:03:18]} 39. c4 {[%emt 0:00:04]} h3 {[%emt 0:01:24]} 40. Rh7 {[%emt 0:01:37]} Rc3 {[%emt 0:01:45]} 41. Rxh3 {[%emt 0:31:48]} Rxb3 42. Rh6+ {[%emt 0:00:21]} Kd7 {[%emt 0:31:08]} 43. Ne5+ {[%emt 0:02:55]} Ke7 {[%emt 0:02:06]} 44. Kd5 {[%emt 0:01:38]} Ra3 {[%emt 0:01:12]} 45. c5 {[%emt 0:00:19]} Rc3 {[%emt 0:01:49]} 46. Rh7+ {[%emt 0:00:54]} Kd8 {[%emt 0:00:41]} 47. c6 {[%emt 0:00:28]} Rc1 {[%emt 0:01:41]} 48. Rd7+ {[%emt 0:03:11]} Kc8 {[%emt 0:00:19]} 49. Nc4 {[%emt 0:00:06]} Rd1+ {[%emt 0:01:00]} 50. Ke6 {[%emt 0:00:01]} Rc1 {[%emt 0:01:01]} 51. Nd6+ {[%emt 0:00:23]} Kb8 {[%emt 0:00:03]} 52. c7+ {[%emt 0:00:34]} 1-0

[Event "ESP-chT Div I 2018"]
[Site "Linares"]
[Date "2018.08.06"]
[Round "1"]
[White "Alonso Moyano, Jonathan"]
[Black "Barbot, Pierre"]
[Result "1/2-1/2"]
[WhiteElo "2388"]
[BlackElo "2420"]
[Annotator "NA RC"]
[PlyCount "82"]
[EventDate "2018.08.06"]
[EventType "team-tourn"]
[EventCountry "ESP"]
[SourceTitle "playchess.com"]
[Source "ChessBase"]
[SourceQuality "1"]
[TimeControl "40/5400+30:1800+30"]

1. e4 {[%emt 0:00:00]} e5 {[%emt 0:00:00]} 2. Nf3 {[%emt 0:00:00]} Nc6 {[%emt 0:00:00]} 3. d4 {[%emt 0:00:00]} exd4 {[%emt 0:00:00]} 4. Nxd4 {[%emt 0:00:02]} g6 {[%emt 0:00:00]} 5. Nxc6 {[%emt 0:04:01]} bxc6 {[%emt 0:00:00]} 6. Bd2 {[%emt 0:01:02]} Bg7 {[%emt 0:00:47]} 7. Bc3 {[%emt 0:00:12]} Nf6 {[%emt 0:00:04]} 8. Bd3 {[%emt 0:05:06]} O-O {[%emt 0:00:53]} 9. O-O {[%emt 0:00:07]} d5 {[%emt 0:11:31]} 10. Nd2 {[%emt 0:06:04]} Rb8 {[%emt 0:00:35]} 11. a3 {[%emt 0:08:58]} dxe4 {[%emt 0:09:06]} 12. Nxe4 {[%emt 0:00:31]} Nxe4 {[%emt 0:00:04]} 13. Bxe4 {[%emt 0:00:12]} Bxc3 {[%emt 0:00:04]} 14. bxc3 {[%emt 0:00:11]} Qf6 {[%emt 0:16:31]} 15. Qd4 {[%emt 0:03:20]} Qxd4 {[%emt 0:00:03]} 16. cxd4 {[%emt 0:00:07]} Rd8 {[%emt 0:00:02]} 17. Rfd1 {[%emt 0:02:22]} Rb2 {[%emt 0:01:58]} 18. h3 {[%emt 0:07:15]} Be6 {[%emt 0:04:21]} 19. Bxc6 {[%emt 0:05:09]} Rxc2 {[%emt 0:00:04]} 20. Bf3 {[%emt 0:00:29]} Bd5 {[%emt 0:03:29]} 21. Bxd5 {[%emt 0:03:19]} Rxd5 {[%emt 0:00:01]} 22. Rdc1 {[%emt 0:00:08]} Rxc1+ {[%emt 0:00:59]} 23. Rxc1 {[%emt 0:00:06]} Rxd4 {[%emt 0:00:03]} 24. Rxc7 {[%emt 0:00:08]} Ra4 {[%emt 0:00:02]} 25. Rc3 {[%emt 0:00:08]} h5 {[%emt 0:00:03]} 26. Kf1 {[%emt 0:02:49]} Kg7 {[%emt 0:00:36]} 27. Ke2 {[%emt 0:01:37]} Kf6 {[%emt 0:00:21]} 28. Re3 {[%emt 0:02:10]} Kf5 {[%emt 0:00:45]} 29. g3 {[%emt 0:12:13]} Re4 {[%emt 0:04:19]} 30. Kd3 {[%emt 0:00:55]} Rxe3+ {[%emt 0:00:48]} 31. fxe3 {[%emt 0:02:12]} Ke5 {[%emt 0:01:38]} 32. e4 {[%emt 0:00:18]} Kf6 {[%emt 0:14:57]} 33. Kd4 {[%emt 0:06:34]} Kg5 {[%emt 0:03:12]} 34. Ke5 {[%emt 0:00:32]} f5 {[%emt 0:04:52]} 35. Kd4 {[%emt 0:00:17]} fxe4 {[%emt 0:00:21]} 36. Kxe4 {[%emt 0:09:47]} Kf6 {[%emt 0:00:32]} 37. Kd5 {[%emt 0:00:06]} Kf5 {[%emt 0:01:56]} 38. a4 {[%emt 0:00:38]} a5 {[%emt 0:00:27]} 39. Kc5 {[%emt 0:00:51]} g5 {[%emt 0:00:14]} 40. Kd4 {[%emt 0:05:18]} h4 {[%emt 0:01:15]} 41. gxh4 {[%emt 0:30:05]} gxh4 {[%emt 0:30:03] Ke4+ Ke5+} 1/2-1/2

[Event "ESP-chT Div I 2018"]
[Site "Linares"]
[Date "2018.08.06"]
[Round "1"]
[White "Granero Roca, Antonio"]
[Black "Moreno Ruiz, Javier"]
[Result "1/2-1/2"]
[WhiteElo "2383"]
[BlackElo "2450"]
[Annotator "ChessBase"]
[PlyCount "101"]
[EventDate "2018.08.06"]
[EventType "team-tourn"]
[EventCountry "ESP"]
[SourceTitle "playchess.com"]
[Source "ChessBase"]
[SourceQuality "1"]
[TimeControl "40/5400+30:1800+30"]

1. Nf3 {[%emt 0:04:23]} d5 {[%emt 0:00:06]} 2. g3 {[%emt 0:00:47]} Nf6 {[%emt 0:00:11]} 3. Bg2 {[%emt 0:00:14]} e6 {[%emt 0:01:17]} 4. c4 {[%emt 0:00:29]} d4 {[%emt 0:00:38]} 5. d3 {[%emt 0:01:07]} Nc6 {[%emt 0:01:32]} 6. O-O {[%emt 0:00:18]} Be7 {[%emt 0:00:09]} 7. Na3 {[%emt 0:00:39]} O-O {[%emt 0:00:34]} 8. Bg5 {[%emt 0:01:07]} h6 {[%emt 0:03:40]} 9. Bxf6 {[%emt 0:02:27]} Bxf6 {[%emt 0:00:06]} 10. Nc2 {[%emt 0:00:32]} a5 {[%emt 0:00:22]} 11. b3 {[%emt 0:00:48]} Rb8 {[%emt 0:01:42]} 12. Nd2 {[%emt 0:04:37]} Bd7 {[%emt 0:00:42]} 13. Rb1 {[%emt 0:02:00]} e5 {[%emt 0:03:21]} 14. a3 {[%emt 0:04:52]} Be7 {[%emt 0:00:56]} 15. b4 {[%emt 0:01:08]} b6 {[%emt 0:06:11]} 16. e3 {[%emt 0:06:39]} dxe3 {[%emt 0:08:29]} 17. fxe3 {[%emt 0:01:02]} axb4 {[%emt 0:03:33]} 18. axb4 {[%emt 0:00:53]} f5 {[%emt 0:02:00]} 19. Bd5+ {[%emt 0:03:40]} Kh8 {[%emt 0:00:58]} 20. Qe2 {[%emt 0:06:52]} Bd6 {[%emt 0:04:41]} 21. d4 {[%emt 0:05:24]} Ne7 {[%emt 0:15:30]} 22. Bg2 {[%emt 0:01:16]} c5 {[%emt 0:01:30]} 23. dxc5 {[%emt 0:05:17]} bxc5 {[%emt 0:00:18]} 24. b5 {[%emt 0:00:05]} e4 {[%emt 0:01:58]} 25. Nb3 {[%emt 0:00:40]} Qc7 {[%emt 0:01:17]} 26. Rbd1 {[%emt 0:01:05]} Be6 {[%emt 0:01:10]} 27. Ra1 {[%emt 0:09:13]} Ng6 {[%emt 0:05:36]} 28. Ra6 {[%emt 0:03:36]} Ne5 {[%emt 0:00:16]} 29. Nd2 {[%emt 0:00:35]} Ra8 {[%emt 0:12:06]} 30. Rfa1 {[%emt 0:00:30]} Rxa6 {[%emt 0:00:22]} 31. Rxa6 {[%emt 0:00:29]} Bc8 {[%emt 0:00:46]} 32. Ra4 {[%emt 0:01:55]} Nd7 {[%emt 0:03:03]} 33. Na1 {[%emt 0:01:39]} Nb6 {[%emt 0:00:42]} 34. Ra2 {[%emt 0:00:35]} Be6 {[%emt 0:00:28]} 35. Nab3 {[%emt 0:01:00]} Qf7 {[%emt 0:03:35]} 36. Bf1 {[%emt 0:00:36]} Ra8 {[%emt 0:02:03]} 37. Rxa8+ {[%emt 0:01:16]} Nxa8 {[%emt 0:00:02]} 38. Qd1 {[%emt 0:00:15]} Nb6 {[%emt 0:03:43]} 39. Nxe4 {[%emt 0:05:26]} Be7 {[%emt 0:12:10]} 40. Nexc5 {[%emt 0:10:13]} Bxc4 {[%emt 0:00:13]} 41. Qc2 {[%emt 0:31:11]} Bxf1 {[%emt 0:31:56]} 42. Kxf1 {[%emt 0:00:08]} Qd5 {[%emt 0:00:02]} 43. Kg1 {[%emt 0:02:10]} Nc4 {[%emt 0:00:35]} 44. Qd3 {[%emt 0:00:41]} Qxd3 {[%emt 0:00:45]} 45. Nxd3 {[%emt 0:00:06]} Bd8 {[%emt 0:00:36]} 46. Kf2 {[%emt 0:00:28]} Bb6 {[%emt 0:00:20]} 47. Nd4 {[%emt 0:00:15]} Nd6 {[%emt 0:00:19]} 48. Ne5 {[%emt 0:02:12]} Bxd4 {[%emt 0:00:29]} 49. exd4 {[%emt 0:00:08]} Nxb5 {[%emt 0:00:01]} 50. Ke3 {[%emt 0:00:07]} g5 {[%emt 0:00:41]} 51. h4 {[%emt 0:01:24]} 1/2-1/2

[Event "ESP-chT Div I 2018"]
[Site "Linares"]
[Date "2018.08.06"]
[Round "1"]
[White "Martin Duque, Jesus"]
[Black "Cano Sanchez, Josue"]
[Result "1-0"]
[WhiteElo "2378"]
[BlackElo "2312"]
[Annotator "NA"]
[PlyCount "120"]
[EventDate "2018.08.06"]
[EventType "team-tourn"]
[EventCountry "ESP"]
[SourceTitle "playchess.com"]
[Source "ChessBase"]
[SourceQuality "1"]
[TimeControl "40/5400+30:1800+30"]

1. e4 {[%emt 0:00:00]} c6 {[%emt 0:04:23]} 2. d4 {[%emt 0:00:00]} d5 {[%emt 0:00:06]} 3. e5 {[%emt 0:00:00]} Bf5 {[%emt 0:00:09]} 4. Nd2 {[%emt 0:00:00]} e6 {[%emt 0:00:32]} 5. Nb3 {[%emt 0:00:00]} Nd7 {[%emt 0:00:48]} 6. Nf3 {[%emt 0:00:00]} Ne7 {[%emt 0:04:37]} 7. Be2 {[%emt 0:00:02]} Bg6 {[%emt 0:01:48]} 8. O-O {[%emt 0:00:16]} Nf5 {[%emt 0:00:28]} 9. c3 {[%emt 0:00:25]} h5 {[%emt 0:01:03]} 10. Bf4 {[%emt 0:04:37]} Be7 {[%emt 0:02:46]} 11. Ne1 {[%emt 0:02:40]} h4 {[%emt 0:30:39]} 12. h3 {[%emt 0:03:04]} Rc8 {[%emt 0:11:19]} 13. Nd3 {[%emt 0:02:28]} O-O {[%emt 0:02:15]} 14. Rc1 {[%emt 0:02:59]} c5 {[%emt 0:00:26]} 15. Nbxc5 {[%emt 0:02:56]} Nxc5 {[%emt 0:01:07]} 16. dxc5 {[%emt 0:01:16]} Bxc5 {[%emt 0:00:12]} 17. Nxc5 {[%emt 0:02:24]} Rxc5 {[%emt 0:00:09]} 18. b4 {[%emt 0:04:41]} Rc6 {[%emt 0:01:41]} 19. Bb5 {[%emt 0:05:17]} Rc7 {[%emt 0:02:50]} 20. Bd3 {[%emt 0:01:33]} Qd7 {[%emt 0:06:08]} 21. a4 {[%emt 0:09:10]} Rfc8 {[%emt 0:00:26]} 22. Bb5 {[%emt 0:01:07]} Qe7 {[%emt 0:03:12]} 23. Qd2 {[%emt 0:10:41]} d4 {[%emt 0:01:13]} 24. cxd4 {[%emt 0:03:34]} Rxc1 {[%emt 0:00:09]} 25. Rxc1 {[%emt 0:00:02]} Rxc1+ {[%emt 0:00:10]} 26. Qxc1 {[%emt 0:00:02]} Qxb4 {[%emt 0:00:47]} 27. d5 {[%emt 0:09:25]} exd5 {[%emt 0:00:34]} 28. Bd2 {[%emt 0:00:39]} Qe7 {[%emt 0:09:42]} 29. Qc8+ {[%emt 0:04:29]} Kh7 {[%emt 0:00:08]} 30. Qb8 {[%emt 0:00:06]} a6 {[%emt 0:00:20]} 31. Bf1 {[%emt 0:03:26]} Nd4 {[%emt 0:01:20]} 32. Qd6 {[%emt 0:02:26]} Qxd6 33. exd6 {[%emt 0:00:06]} Nc6 {[%emt 0:06:26]} 34. f3 {[%emt 0:02:44]} f6 {[%emt 0:01:38]} 35. Kf2 {[%emt 0:04:03]} Kg8 {[%emt 0:00:22]} 36. Be3 {[%emt 0:03:31]} Kf7 {[%emt 0:00:17]} 37. Bb6 {[%emt 0:00:34]} Ke6 {[%emt 0:00:14]} 38. Bc7 {[%emt 0:00:05]} Ne5 {[%emt 0:01:45]} 39. Ke3 {[%emt 0:00:44]} Nc6 {[%emt 0:04:28]} 40. a5 {[%emt 0:00:18]} Bf5 {[%emt 0:00:24]} 41. Be2 {[%emt 0:31:00]} g5 {[%emt 0:30:41]} 42. Bd1 {[%emt 0:00:43]} d4+ {[%emt 0:00:39]} 43. Kd2 {[%emt 0:00:12]} Kd5 {[%emt 0:00:04]} 44. Ba4 {[%emt 0:01:56]} Ne5 {[%emt 0:00:26]} 45. Bb3+ {[%emt 0:00:58]} Kc5 {[%emt 0:00:10]} 46. Bd8 {[%emt 0:00:42]} Kxd6 {[%emt 0:03:19]} 47. Bxf6 {[%emt 0:00:02]} Be6 {[%emt 0:00:15]} 48. Bxe6 {[%emt 0:01:48]} Kxe6 {[%emt 0:00:07]} 49. Bxg5 {[%emt 0:00:07]} Nc4+ {[%emt 0:01:03]} 50. Kd3 {[%emt 0:00:14]} Kd5 {[%emt 0:00:12]} 51. Bxh4 {[%emt 0:04:51]} Nxa5 {[%emt 0:00:06]} 52. Bf6 {[%emt 0:01:21]} Nb3 {[%emt 0:00:17]} 53. h4 {[%emt 0:00:05]} Nc5+ {[%emt 0:00:05]} 54. Kc2 {[%emt 0:01:02]} Ne6 {[%emt 0:00:41]} 55. h5 {[%emt 0:00:43]} d3+ {[%emt 0:00:39]} 56. Kd2 {[%emt 0:00:01]} Nf4 {[%emt 0:00:09]} 57. h6 {[%emt 0:00:06]} Ke6 {[%emt 0:01:00]} 58. h7 {[%emt 0:00:05]} Ng6 {[%emt 0:00:10]} 59. h8=Q {[%emt 0:00:06]} Nxh8 {[%emt 0:00:08]} 60. Bxh8 {[%emt 0:00:01]} Kd5 1-0

[Event "ESP-chT Div I 2018"]
[Site "Linares"]
[Date "2018.08.06"]
[Round "1"]
[White "Bressac, Stephane"]
[Black "Bergez, Luc"]
[Result "0-1"]
[WhiteElo "2341"]
[BlackElo "2327"]
[Annotator "NA"]
[PlyCount "120"]
[EventDate "2018.08.06"]
[EventType "team-tourn"]
[EventCountry "ESP"]
[SourceTitle "playchess.com"]
[Source "ChessBase"]
[SourceQuality "1"]
[TimeControl "40/5400+30:1800+30"]

1. e4 {[%emt 0:00:00]} c6 {[%emt 0:00:00]} 2. d4 {[%emt 0:00:00]} d5 {[%emt 0:00:00]} 3. Nd2 {[%emt 0:00:00]} dxe4 {[%emt 0:01:43]} 4. Nxe4 {[%emt 0:00:00]} Nf6 {[%emt 0:01:19]} 5. Nxf6+ {[%emt 0:00:12]} exf6 {[%emt 0:00:09]} 6. c3 {[%emt 0:00:30]} Bd6 {[%emt 0:00:20]} 7. Bd3 {[%emt 0:00:06]} O-O {[%emt 0:00:23]} 8. Qc2 {[%emt 0:00:02]} Re8+ {[%emt 0:00:12]} 9. Ne2 {[%emt 0:00:05]} h6 {[%emt 0:00:47]} 10. O-O {[%emt 0:06:41]} Qc7 {[%emt 0:00:23]} 11. Ng3 {[%emt 0:03:04]} Nd7 {[%emt 0:02:16]} 12. f4 {[%emt 0:05:13]} c5 {[%emt 0:07:35]} 13. d5 {[%emt 0:06:29]} c4 {[%emt 0:01:31]} 14. Bh7+ {[%emt 0:02:35]} Kh8 {[%emt 0:00:50]} 15. Kh1 {[%emt 0:06:02]} Nc5 {[%emt 0:21:29]} 16. Ne4 {[%emt 0:03:36]} f5 {[%emt 0:09:52]} 17. Nxd6 {[%emt 0:07:11]} Qxd6 {[%emt 0:00:08]} 18. Bxf5 {[%emt 0:00:08]} Qxd5 {[%emt 0:00:28]} 19. Bxc8 {[%emt 0:00:17]} Raxc8 {[%emt 0:00:08]} 20. f5 {[%emt 0:00:10]} Re4 {[%emt 0:06:19]} 21. Qd1 {[%emt 0:25:12]} Qxd1 {[%emt 0:04:27]} 22. Rxd1 {[%emt 0:00:04]} Nd3 {[%emt 0:00:58]} 23. Rf1 {[%emt 0:03:53]} Re2 {[%emt 0:05:39]} 24. Rb1 {[%emt 0:02:48]} Rce8 {[%emt 0:04:29]} 25. Kg1 {[%emt 0:13:49]} Rc2 {[%emt 0:02:26]} 26. Bf4 {[%emt 0:02:04]} Ree2 {[%emt 0:00:36]} 27. Bb8 {[%emt 0:01:17]} Rxg2+ {[%emt 0:00:22]} 28. Kh1 {[%emt 0:00:02]} Rge2 {[%emt 0:02:26]} 29. b3 {[%emt 0:01:36]} Nf2+ {[%emt 0:11:59]} 30. Kg1 {[%emt 0:00:14]} Nh3+ {[%emt 0:00:06]} 31. Kh1 {[%emt 0:00:05]} Nf2+ {[%emt 0:00:25]} 32. Kg1 {[%emt 0:00:03]} Ne4 {[%emt 0:00:06]} 33. Rbe1 {[%emt 0:06:21]} Nxc3 {[%emt 0:04:43]} 34. bxc4 {[%emt 0:00:08]} Rxa2 {[%emt 0:00:36]} 35. Rxe2 {[%emt 0:01:02]} Nxe2+ {[%emt 0:00:13]} 36. Kf2 {[%emt 0:00:01]} Nd4+ {[%emt 0:02:16]} 37. Ke3 {[%emt 0:00:23]} Nc6 {[%emt 0:00:09]} 38. Bg3 {[%emt 0:00:28]} a5 {[%emt 0:03:24]} 39. Rb1 {[%emt 0:00:23]} Ra4 {[%emt 0:04:35]} 40. Rxb7 {[%emt 0:00:35]} Rxc4 {[%emt 0:00:10]} 41. Rxf7 {[%emt 0:30:37]} Kg8 {[%emt 0:30:01]} 42. Rc7 {[%emt 0:00:26]} a4 {[%emt 0:00:33]} 43. Rc8+ {[%emt 0:00:01]} Kf7 {[%emt 0:00:07]} 44. Bd6 {[%emt 0:00:20]} Kf6 {[%emt 0:00:37]} 45. Rf8+ {[%emt 0:00:22]} Kg5 {[%emt 0:00:03]} 46. Rf7 {[%emt 0:00:49]} a3 {[%emt 0:00:43]} 47. Rxg7+ {[%emt 0:01:52]} Kxf5 {[%emt 0:00:45]} 48. Rg1 {[%emt 0:01:59]} Re4+ {[%emt 0:02:26]} 49. Kf2 {[%emt 0:00:43]} a2 {[%emt 0:00:16]} 50. Bf8 {[%emt 0:00:55]} Ra4 {[%emt 0:00:38]} 51. Bg7 {[%emt 0:01:06]} Na5 {[%emt 0:00:50]} 52. h4 {[%emt 0:03:11]} Nb3 {[%emt 0:00:46]} 53. h5 {[%emt 0:00:08]} Ra6 {[%emt 0:00:28]} 54. Rg3 {[%emt 0:00:55]} a1=Q {[%emt 0:00:16]} 55. Bxa1 {[%emt 0:00:23]} Nxa1 {[%emt 0:00:06]} 56. Rc3 {[%emt 0:00:05]} Kg4 {[%emt 0:00:11]} 57. Rc5 {[%emt 0:00:49]} Rf6+ {[%emt 0:00:28]} 58. Kg2 {[%emt 0:00:04]} Nb3 {[%emt 0:00:22]} 59. Rd5 {[%emt 0:00:10]} Rf5 {[%emt 0:00:18]} 60. Rd6 {[%emt 0:00:17]} Kxh5 {[%emt 0:00:14]} 0-1

[Event "ESP-chT Div I 2018"]
[Site "Linares"]
[Date "2018.08.06"]
[Round "1"]
[White "Alonso Alvarez, Aitor"]
[Black "Van Wely, Loek"]
[Result "0-1"]
[WhiteElo "2306"]
[BlackElo "2650"]
[Annotator "TA"]
[PlyCount "90"]
[EventDate "2018.08.06"]
[EventType "team-tourn"]
[EventCountry "ESP"]
[SourceTitle "playchess.com"]
[Source "ChessBase"]
[SourceQuality "1"]

{[%evp 12,90,-3,-1,1,-9,10,1,6,0,0,0,0,-29,-16,-45,-33,-34,-30,-41,-46,-54,-69,-69,-61,-75,-70,-59,-58,-84,-84,-129,-71,-87,-63,-82,-87,-70,-68,-70,-59,-59,-56,-56,-40,-39,-40,-46,-36,-36,-36,-37,-36,-36,-13,-56,-57,-66,-58,-58,-58,-69,-70,-81,-58,-66,-60,-107,-65,-126,-71,-178,-178,-178,-178,-263,-261,-515,-516,-512,-512]} 1. d4 Nf6 2. Nf3 c5 3. e3 d5 4. b3 cxd4 5. exd4 Nc6 6. Bb2 Bg4 7. Be2 {LiveBook: 15 Games} Qa5+ {D04: Colle System} 8. c3 (8. Nbd2 {feels hotter.} e6 9. O-O Bb4 10. c4 O-O 11. a3) 8... Bxf3 (8... e6 {with more complications.} 9. h3 Bf5 10. O-O Be7 11. Nh4 Be4) 9. Bxf3 g6 {The position is equal.} 10. O-O Bg7 11. Nd2 $146 ({Predecessor:} 11. c4 Rd8 12. Qe2 O-O 13. Rd1 {0-1 (50) Levin,F (2474)-Van Wely,L (2661) Belgium 2017}) 11... O-O 12. c4 Rad8 13. Re1 e6 14. a3 dxc4 15. Bxc6 c3 16. b4 Qc7 17. Bxc3 Qxc6 18. Bb2 Nd5 19. Rc1 Qa6 20. Nb3 b6 21. Qf3 Rd7 (21... Rc8 $142 22. Qe2 Qxe2 23. Rxe2 Bh6 24. Rxc8 Rxc8) 22. g3 Rfd8 23. Rc6 Qb7 24. Rc2 h5 25. h4 Qb8 26. Nd2 {[%cal Bb3d2,Bd2e4,Be4g5][%mdl 32]} Ne7 27. Ne4 Rc8 28. Rxc8+ Qxc8 29. Rc1 Rc7 30. Rxc7 Qxc7 31. Ng5 Nd5 32. Qd3 Qd7 33. Qc4 b5 34. Qd3 Nb6 35. Qf3 Qc7 36. Kg2 Nd5 37. Qd3 Qc6 {( -> ...Nf4+)} (37... Bf6 {is more complex.} 38. Nf3 Nb6 39. Nd2 Bg7 40. Qe4 Nd5) 38. Kg1 Nb6 39. Ne4 Qc4 40. Qd1 ({White should play} 40. Qd2 $1 $15) 40... Nd5 $40 {[%mdl 128] Black wants a kill.} (40... Qd5 $142 41. Qf3 Qa2) 41. Nd6 (41. Qd2 $17) 41... Qc6 $19 42. Ne4 {[#]} Nxb4 $1 {[%mdl 512]} 43. Qf3 {[#]} (43. axb4 $142 Qxe4 44. Bc3) 43... Nd5 $1 44. Ng5 $2 (44. Bc3) 44... f6 45. Ne4 Qc2 {Precision: White = 41%, Black = 56%.} 0-1